| 000 | 00469nam a2200157Ia 4500 | ||
|---|---|---|---|
| 005 | 20250401120943.0 | ||
| 008 | 231217s9999 xx 000 0 und d | ||
| 020 | _a9788131407028 | ||
| 082 | _a332.6 GOP;1 R | ||
| 100 | _aGopal Krishna Murthy, G ed. | ||
| 245 | 0 | _aForeign institutional investors : Indian and global scenario | |
| 260 |
_c2007 _bT M H _aNew Delhi |
||
| 300 | _axvi, 285 | ||
| 650 | _aForeign,institutional,investors,global,scenario | ||
| 942 | _cAA | ||
| 999 |
_c189504 _d189504 |
||